000 01996nam a22001577a 4500
041 _aukr
080 _a09
090 _bГАВ
100 _aГаврилюк, Ю. С.
245 _aКонотативний аспект англійських, німецьких і польських ФО з компонентом "heart"/"Herz"/"serce" (на прикладі заголовків газет "The Times", "Berliner Zeitung" і "Gazeta Polska", 2012-2014)
260 _aОстрог
_bКАФ
_c2014
300 _a76
520 _aВступ. Розділ І. Конотативні особливості ФО в англійській, німецькій та польській мовах. 1.1. Загальні положення виникнення та розвитку фразеологічної науки в англомовних країнах, в Німеччині та в Польщі 1.2. Поняття фразеологізмів: характерні особливості структури й значення фразеологізмів 1.3. Конотативний аспект створення образності та виразності ФО Розділ ІІ. Характеристика ФО з соматичним компонентом "heart"/"Herz"/"serce". 2.1. Лексикографічна характеристика фразеологізмів з компонентом "heart"/"Herz"/"serce" 2.2. Порівняльний аналіз конотативного аспекту ФО з компонентом "heart"/"Herz"/"serce" в англійській, німецькій та польській мовах 2.3. Конотація англійських, німецьких і польських ФО з компонентом "heart"/"Herz"/"serce" Висновки. Список використаної літератури. Додатки.
_0фразеологічна одиниця,
650 _aResearch Papers
999 _c285374
_d285374
942 _cBK